<?xml version="1.0" encoding="UTF-8"?>
<collection xmlns="http://www.loc.gov/MARC21/slim">
 <record>
  <leader>05215ntm a22005897a 4500</leader>
  <controlfield tag="001">000201605</controlfield>
  <controlfield tag="003">CZ-PrVSE</controlfield>
  <controlfield tag="005">20110703181257.0</controlfield>
  <controlfield tag="006">m        d</controlfield>
  <controlfield tag="007">cr n||||||||||</controlfield>
  <controlfield tag="008">110703s2009    xr     fsbm   000 0 cze d</controlfield>
  <datafield tag="STA" ind1=" " ind2=" ">
   <subfield code="a">NEZPRACOVANÝ IMPORT</subfield>
  </datafield>
  <datafield tag="040" ind1=" " ind2=" ">
   <subfield code="a">ABA006</subfield>
   <subfield code="b">cze</subfield>
   <subfield code="c">ABA006</subfield>
   <subfield code="d">ABA006</subfield>
  </datafield>
  <datafield tag="100" ind1="1" ind2=" ">
   <subfield code="a">Vondrák, David</subfield>
   <subfield code="%">ISIS:51201</subfield>
   <subfield code="4">dis</subfield>
  </datafield>
  <datafield tag="242" ind1="1" ind2="0">
   <subfield code="a">Impacts of the EU structural and regional policy on the Czech economy and assessment of the impacts in the context of experience of selected member states</subfield>
   <subfield code="y">eng</subfield>
  </datafield>
  <datafield tag="245" ind1="1" ind2="0">
   <subfield code="a">Dopady strukturální a regionální politiky EU na tuzemskou ekonomiku a hodnocení těchto dopadů v kontextu zkušeností vybraných členských států</subfield>
   <subfield code="h">[elektronický zdroj] /</subfield>
   <subfield code="c">David Vondrák</subfield>
  </datafield>
  <datafield tag="260" ind1=" " ind2=" ">
   <subfield code="c">2009</subfield>
  </datafield>
  <datafield tag="300" ind1=" " ind2=" ">
   <subfield code="a">?? s. :</subfield>
   <subfield code="3">digital, PDF soubor</subfield>
  </datafield>
  <datafield tag="500" ind1=" " ind2=" ">
   <subfield code="a">Vedoucí práce: Vladimír Bárta</subfield>
  </datafield>
  <datafield tag="502" ind1=" " ind2=" ">
   <subfield code="a">Disertační práce (Ph.D.)—Vysoká škola ekonomická v Praze. Fakulta mezinárodních vztahů, 2010</subfield>
  </datafield>
  <datafield tag="504" ind1=" " ind2=" ">
   <subfield code="a">Obsahuje bibliografii</subfield>
  </datafield>
  <datafield tag="516" ind1=" " ind2=" ">
   <subfield code="a">Textový (vysokoškolská kvalifikační práce)</subfield>
  </datafield>
  <datafield tag="518" ind1=" " ind2=" ">
   <subfield code="a">Rok obhajoby 2010</subfield>
  </datafield>
  <datafield tag="520" ind1="3" ind2=" ">
   <subfield code="a">Práce se zaměřuje na hodnocení možných dopadů rozličných opatření strukturální a regionální politiky Evropské unie uplatňovaných v České republice. Kromě předběžného hodnocení využívání strukturální pomoci v ČR si práce klade především za úkol zasadit náš přístup k implementaci politiky hospodářské, sociální a územní soudržnosti do celkového unijního kontextu. To vyžaduje nejen obecné hodnocení z hlediska naplňování jednotlivých priorit, jež si ČR stanovila, ale především přímé srovnání dopadů obdobných opatření na ekonomiky členských států EU v minulosti. Z tohoto důvodu tvoří důležitou součást práce čtyři případové studie, jež analyzují dopady využívání kohezní politiky v tzv. bývalých zemích soudržnosti (Španělsku, Portugalsku, Řecku, Irsku), a to od prvního programového období 1989--1994 až do současného programového období 2007--2013. S ohledem na výchozí podmínky těchto ekonomik lze považovat jejich konvergenční proces k průměru EU za poměrně úspěšný. Nicméně existují zde některé důležité rozdíly jak v použití, tak i v dopadech strukturálních fondů v těchto čtyřech zemích. Výsledky zkoumání naznačují, že dopady kohezní pomoci ve Španělsku byly poměrně významné -- především šlo o její příspěvek k ekonomickému růstu a snižování nezaměstnanosti. Španělsko jako celek konvergovalo ve sledovaném období k průměru Evropské unie ve většině důležitých ekonomických indikátorů. Hospodářská konvergence probíhala i na regionální úrovni, nicméně vývoj měl rozdílnou dynamiku a jiné příčiny v různých oblastech. Přibližování portugalského hospodářství k unijnímu průměru bylo naproti tomu podstatně méně razantní a disparity na regionální úrovni zde spíše vzrostly. Význam využívání strukturální fondů v Řecku spočívá především v jejich tlaku</subfield>
  </datafield>
  <datafield tag="520" ind1="8" ind2=" ">
   <subfield code="a">Ze zkušenosti čerpání pomoci v Irsku pak vyplývá obecný imperativ k co největšímu využívání unijních prostředků zejména na veřejné statky, spíše než na podporu soukromého sektoru. Česká republika by si měla ze zkušeností čtyř kohezních zemí vzít poučení. Efekty politiky soudržnosti pro tuzemskou ekonomiku mohou být totiž poměrně velmi významné, a to nejen v krátkodobém a střednědobém, ale především v dlouhodobém horizontu. Je však třeba mít na paměti, že jde o možné dopady, jejichž reálné naplnění závisí především na samotných aktérech, ať již na úrovni strategického řízení, řízení a implementace programů či na úrovni konečných příjemců kohezní pomoci.</subfield>
  </datafield>
  <datafield tag="538" ind1=" " ind2=" ">
   <subfield code="a">Způsob přístupu: Internet</subfield>
  </datafield>
  <datafield tag="690" ind1=" " ind2=" ">
   <subfield code="a">kohezní země</subfield>
  </datafield>
  <datafield tag="690" ind1=" " ind2=" ">
   <subfield code="a">konvergence</subfield>
  </datafield>
  <datafield tag="690" ind1=" " ind2=" ">
   <subfield code="a">Evropská unie</subfield>
  </datafield>
  <datafield tag="690" ind1=" " ind2=" ">
   <subfield code="a">strukturální fondy</subfield>
  </datafield>
  <datafield tag="690" ind1=" " ind2=" ">
   <subfield code="a">disparity</subfield>
  </datafield>
  <datafield tag="690" ind1=" " ind2=" ">
   <subfield code="a">politika soudržnosti</subfield>
  </datafield>
  <datafield tag="690" ind1=" " ind2=" ">
   <subfield code="a">hospodářská, sociální a územní soudržnost</subfield>
  </datafield>
  <datafield tag="690" ind1=" " ind2=" ">
   <subfield code="a">regionální a strukturální politika EU</subfield>
  </datafield>
  <datafield tag="690" ind1=" " ind2=" ">
   <subfield code="a">kohezní politika</subfield>
  </datafield>
  <datafield tag="653" ind1="0" ind2=" ">
   <subfield code="a">mezinárodní ekonomické vztahy [obor disert. práce]</subfield>
  </datafield>
  <datafield tag="655" ind1=" " ind2="7">
   <subfield code="a">disertace</subfield>
   <subfield code="7">fd132024</subfield>
   <subfield code="2">czenas</subfield>
  </datafield>
  <datafield tag="655" ind1=" " ind2="9">
   <subfield code="a">dissertations</subfield>
   <subfield code="2">eczenas</subfield>
  </datafield>
  <datafield tag="700" ind1="1" ind2=" ">
   <subfield code="a">Bárta, Vladimír,</subfield>
   <subfield code="d">1933-</subfield>
   <subfield code="7">jk01010818</subfield>
   <subfield code="4">ths</subfield>
  </datafield>
  <datafield tag="700" ind1="1" ind2=" ">
   <subfield code="a">Wokoun, René,</subfield>
   <subfield code="d">1953-</subfield>
   <subfield code="7">xx0003045</subfield>
   <subfield code="4">opn</subfield>
  </datafield>
  <datafield tag="710" ind1="2" ind2=" ">
   <subfield code="a">Vysoká škola ekonomická v Praze.</subfield>
   <subfield code="b">Fakulta mezinárodních vztahů</subfield>
   <subfield code="7">kn20010709400</subfield>
  </datafield>
  <datafield tag="856" ind1="4" ind2="0">
   <subfield code="u">https://isis.vse.cz/zp/14423/podrobnosti</subfield>
   <subfield code="y">VŠKP v InSIS</subfield>
  </datafield>
  <datafield tag="856" ind1="4" ind2="0">
   <subfield code="u">https://isis.vse.cz/zp/14423</subfield>
   <subfield code="y">Hlavní práce</subfield>
  </datafield>
  <datafield tag="856" ind1="4" ind2="0">
   <subfield code="u">https://isis.vse.cz/zp/14423/posudek/oponent/14615</subfield>
   <subfield code="y">Oponentura</subfield>
  </datafield>
  <datafield tag="856" ind1="4" ind2="0">
   <subfield code="u">https://isis.vse.cz/zp/14423/posudek/oponent/14616</subfield>
   <subfield code="y">Oponentura</subfield>
  </datafield>
  <datafield tag="856" ind1="4" ind2="0">
   <subfield code="u">https://isis.vse.cz/zp/14423/posudek/oponent/14617</subfield>
   <subfield code="y">Oponentura</subfield>
  </datafield>
  <datafield tag="999" ind1="4" ind2="0">
   <subfield code="u">http://isis.vse.cz/zp/84509/podrobnosti</subfield>
   <subfield code="y">dc:identifier</subfield>
  </datafield>
  <datafield tag="993" ind1=" " ind2=" ">
   <subfield code="x">NEPOSILAT</subfield>
   <subfield code="y">VSKP</subfield>
  </datafield>
  <datafield tag="999" ind1="4" ind2="5">
   <subfield code="x">84509</subfield>
  </datafield>
  <datafield tag="999" ind1="4" ind2="9">
   <subfield code="a">vse14423</subfield>
   <subfield code="b">110630</subfield>
  </datafield>
 </record>
</collection>
